Sports Quiz

Random Sports or College Quiz

College Fight/Spirit Songs Quiz Stats

 Plays Quiz Updated Mar 25, 2019

Score 0/18 Timer 04:00
0 Plays Today
Fight Song College % Correct
Boomer SoonerOklahoma Sooners
87.2%
The VictorsMichigan Wolverines
78%
The Aggie War HymnTexas A&M Aggies
76.1%
Rocky TopTennessee Volunteers
75.4%
Forward RebelsMississippi Rebels
69.7%
Anchors AweighNavy Midshipmen
68.8%
Orange and BlueFlorida Gators
67.9%
War EagleAuburn Tigers
67.3%
Fight OnUSC Trojans
66.5%
Fight Song College % Correct
Victory MarchNotre Dame Fighting Irish
62.6%
Glory, GloryGeorgia Bulldogs
60.4%
Across the FieldOhio State Buckeyes
57.4%
Sons of WestwoodUCLA Bruins
54.6%
Tiger RagClemson Tigers
53%
Ramblin' WreckGeorgia Tech Yellow Jackets
48.7%
Fight on, StatePenn State Nittany Lions
46.7%
Hail VarsityNebraska Cornhuskers
24.9%
Maroon and GoldArizona State Sun Devils
22.4%

You're not logged in!

Compare scores with friends on all Sporcle quizzes.
OR
Log In

Sporcle TV

Today on Sporcle TV


Watch our educational content, quiz creation guides, and fun videos on Sporcle TV.

Show Comments

Extras

Top Quizzes Today


Score Distribution

Your Account Isn't Verified!

In order to create a playlist on Sporcle, you need to verify the email address you used during registration. Go to your Sporcle Settings to finish the process.

Report this User

Report this user for behavior that violates our Community Guidelines.

Details: